000 01368nam a2200385 i 4500
001 1495
003 KOSZ 005
005 20220425082941.0
008 000320s1980 pl a f f |000 0 pol
015 _aPB 1980/7299
020 _a830100987X
020 _a8301009888
040 _aWA N
_cWA N
_dKOSZ 005/HR
041 1 _apol
_heng
080 _a53
080 _a(075.8)
100 1 _aResnick, Robert
_d(1923-2014)
_eAutor
245 1 0 _aFizyka dla studentów nauk przyrodniczych i technicznych.
_nT. 2 /
_cD. Halliday, R. Resnick, ; [z ang. tł. Wojciech Ratyński, Teresa Butler- Kaniowska].
250 _aWyd. 4.
260 _aWarszawa :
_bPaństwowe Wydawnictwo Naukowe,
_c1980.
300 _a736 s. :
_bil., tab., wykr. ;
_c21 cm.
380 _aKsiążki
380 _aPublikacje dydaktyczne
385 _mPoziom nauczania
_aSzkoły wyższe
388 _a1901-2000
650 4 _aFizyka
655 4 _aPodręczniki akademickie
658 _aFizyka i astronomia
700 1 _aRatyński, Wojciech
_d(1932-2007)
_eTłumaczenie
700 1 _aHalliday, David
_d(1916-2010)
_eAutor
700 1 _aKaniowska, Teresa
_eTłumaczenie
710 _aPaństwowe Wydawnictwo Naukowe
856 _uhttp://koha.tu.koszalin.pl/cgi-bin/koha/opac-detail.pl?biblionumber=1495
_yKatalog online BPK
942 _2UKD
_cKS
999 _c1495
_d1495